000 00551nam a2200217Ia 4500
003 0100
005 20150914121338.0
008 130303s9999 xx 000 0 und d
020 _a0863161723
040 _cARRUPELIB
050 _aB3279.H49L455 1994
100 _aLemay, Eric
_919880
245 _aHeidegger for beginners
260 _aNew York
260 _bWriters and Readers Publishing
300 _a120p.
300 _b 23cm.
650 _aHeidegger, Martin
_919881
700 _aPitts, Jennifer A
_919882
942 0 0 _05
_2lcc
_cMONOGRAPH
999 _c9495
_d9495